| 000 | 01256cab a2200229 4500 | ||
|---|---|---|---|
| 001 | ##L136794 | ||
| 008 | 070223n2007 000 0 eng u | ||
| 035 | _a(Sirsi) u136794 | ||
| 041 | 0 | _aeng | |
| 110 | 2 |
_aConstruction Confederation _93647 |
|
| 245 | 0 | 0 |
_aLeading industry bodies co-operate on health and safety _h[electronic resource] |
| 260 | _c2007 | ||
| 490 | 0 |
_aConstruction Confederation News Release _v12 February 2007 |
|
| 520 | _aIn the spirit of the forthcoming Construction (Design and Management) Regulations 2007, the Construction Confederation and the Specialist Engineering Contractors have signed a statement of intent to collaborate to improve health and safety on construction sites. The organisations will tackle slips, trips and falls on site and will work together on practical guidance on meeting core criteria for assessing contractor competence. | ||
| 590 | _aKA | ||
| 650 | 2 | 4 | _aCONSTRUCTION (DESIGN AND MANAGEMENT) REGULATIONS 2007 |
| 651 | 4 | _aGREAT BRITAIN | |
| 690 |
_aHealth and safety _96244 |
||
| 690 | _aBUILT ENVIRONMENT-CONSTRUCTION MANAGEMENT-CONSTRUCTION DESIGN AND MANAGEMENT | ||
| 856 | 4 | 0 |
_uhttps://www.thecc.org.uk/index.asp?page=whatsnew _zView the item free of charge at www.thecc.org.uk... |
| 942 | _n0 | ||
| 999 |
_c78446 _d78446 |
||